N=4 superconformal n-particle mechanics via superspace; Nuclear Physics B; Vol. 817

Bibliographische Detailangaben
Parent link:Nuclear Physics B: Scientific Journal
Vol. 817.— 2009.— [P. 265-283]
1. Verfasser: Krivonos Sergey
Weitere Verfasser: Lechtenfeld O. Olaf, Polovnikov K. V. Kirill Viktorovich
Zusammenfassung:Title screen
We revisit the (untwisted) superfield approach to one-dimensional multi-particle systems with N=4 superconformal invariance. The requirement of a standard (flat) bosonic kinetic energy implies the existence of inertial (super-)coordinates, which is nontrivial beyond three particles. We formulate the corresponding integrability conditions, whose solution directly yields the superpotential, the two prepotentials and the bosonic potential. The structure equations for the two prepotentials, including the WDVV equation, follow automatically. The general solution for translation-invariant three-particle models is presented and illustrated with examples. For the four-particle case, we take advantage of known WDVV solutions to construct a D_3 and a B_3 model, thus overcoming a previously-found barrier regarding the bosonic potential. The general solution and classification remain a challenge
Режим доступа: по договору с организацией-держателем ресурса
Sprache:Englisch
Veröffentlicht: 2009
Schlagworte:
Online-Zugang:http://www.sciencedirect.com/science/article/pii/S0550321309001230
Format: MixedMaterials Elektronisch Buchkapitel
KOHA link:https://koha.lib.tpu.ru/cgi-bin/koha/opac-detail.pl?biblionumber=636153

MARC

LEADER 00000nla0a2200000 4500
001 636153
005 20250313143623.0
035 |a (RuTPU)RU\TPU\network\34 
035 |a RU\TPU\network\29 
090 |a 636153 
100 |a 20131009d2009 k||y0rusy50 ba 
101 0 |a eng 
102 |a US 
135 |a drcn ---uucaa 
181 0 |a i  
182 0 |a b 
200 1 |a N=4 superconformal n-particle mechanics via superspace  |f Sergey Krivonos, O. Lechtenfeld, K. V. Polovnikov 
203 |a Text  |c electronic 
300 |a Title screen 
320 |a [Ref.: p. 283 (20 tit.)] 
330 |a We revisit the (untwisted) superfield approach to one-dimensional multi-particle systems with N=4 superconformal invariance. The requirement of a standard (flat) bosonic kinetic energy implies the existence of inertial (super-)coordinates, which is nontrivial beyond three particles. We formulate the corresponding integrability conditions, whose solution directly yields the superpotential, the two prepotentials and the bosonic potential. The structure equations for the two prepotentials, including the WDVV equation, follow automatically. The general solution for translation-invariant three-particle models is presented and illustrated with examples. For the four-particle case, we take advantage of known WDVV solutions to construct a D_3 and a B_3 model, thus overcoming a previously-found barrier regarding the bosonic potential. The general solution and classification remain a challenge 
333 |a Режим доступа: по договору с организацией-держателем ресурса 
461 |t Nuclear Physics B  |o Scientific Journal 
463 |t Vol. 817  |v [P. 265-283]  |d 2009 
610 1 |a электронный ресурс 
610 1 |a труды учёных ТПУ 
700 1 |a Krivonos  |b Sergey 
701 1 |a Lechtenfeld  |b O.  |g Olaf 
701 1 |a Polovnikov  |b K. V.  |c mathematician  |c Senior Lecturer of Tomsk Polytechnic University, Expert, Candidate of physical and mathematical  |f 1984-  |g Kirill Viktorovich  |3 (RuTPU)RU\TPU\pers\31232  |9 15427 
801 2 |a RU  |b 63413507  |c 20140424  |g RCR 
856 4 |u http://www.sciencedirect.com/science/article/pii/S0550321309001230 
942 |c CF